000 01802nam2a22004571 4500
001 v19\rc\1381403
005 20250618122104.0
035 _a(NLR Aleph) 004563279
090 _a2302302
_c2302302
100 _a20060512d1875 |||y0rusy50 ca
101 0 _arus
102 _aRU
105 _ach z |||||
200 1 _aБумаги государственного канцлера графа Михаила Ларионовича Воронцова
210 _d1875
_aБ. м.
215 _a[2], 688 с., 2 л. фронт. (портр.), факс.
316 _aЭкз. РНБ (52/308): 2-й экз. деф.: отсутствует 1 л. портр.
_5NLR: 52/308
461 0 _1001v19\rc\1381394
_12001#$aАрхив князя Воронцова$fРед. П.И. Бартенев$vКн. 7
_92302186
_cМосква
_d1870-1897
_fРед. П.И. Бартенев. Кн. 1-40
_nтип. А.И. Мамонтова
_p40 т.
_tАрхив князя Воронцова
_vКн. 7
702 1 _9z06790
_aВоронцов
_bМ.И.
_f1714-1767
_gМихаил Илларионович
_4570
790 1 _9z06702
_aВоронцов
_bМ.Л.
_f1714-1767
_gМихаил Ларионович
801 0 _aRU
_bNLR
_gpsbo
801 0 _aRU
_bRuMoRGB
_2psbo
801 1 _aRU
_bProSoft-M
_2rusmarc
852 _aNLR
_bМф
_jК-1/7422
852 _aNLR
_j52/308(7)
899 _aRuMoRGB
_jКл 67/1037
899 _aRuMoRGB
_jI 20/17
899 _aRuMoRGB
_jU 324/78
899 _aRuMoRGB
_jJ 34/1
899 _aRuMoRGB
_jM 69/194
899 _aRuMoRGB
_jE 107/147
899 _aRuMoRGB
_jРб 6/7
899 _aRuMoRGB
_jФ 1-82/12189
899 _aRuMoRGB
_j801-88/9648-8
899 _aБАН
899 _aНБ СПбГУ
899 _aГПИБ
899 _aНБ МГУ
942 _cBOOK
980 _aNB